River Phoenix Movies Quiz Stats

 Plays Quiz Updated Oct 4, 2016

Score 0/14 Timer 06:00
0 Plays Today
Year Movie % Correct
1986Stand by Me
90.2%
1989Indiana Jones and the Last Crusade
81.1%
1991My Own Private Idaho
57.7%
1988Running on Empty
41.5%
1986The Mosquito Coast
40.5%
1992Sneakers
40.1%
1985Explorers
36%
Year Movie % Correct
1988A Night in the Life of Jimmy Reardon
33.1%
1991Dogfight
28.4%
1988Little Nikita
28.1%
1990I Love You to Death
28.1%
1993The Thing Called Love
26.9%
2012Dark Blood
18.9%
1993Silent Tongue
18.2%

You're not logged in!

Compare scores with friends on all Sporcle quizzes.
OR
Log In

Sporcle TV

Today on Sporcle TV


Watch our educational content, quiz creation guides, and fun videos on Sporcle TV.

Show Comments

Extras

Top Quizzes Today


Score Distribution

Your Account Isn't Verified!

In order to create a playlist on Sporcle, you need to verify the email address you used during registration. Go to your Sporcle Settings to finish the process.

Report this User

Report this user for behavior that violates our Community Guidelines.

Details: